[Event "DEM U14 2023"]
[Site "Willingen GER"]
[Date "2023.06.01"]
[Round "7"]
[White "Li, Luxuan"]
[Black "Herrmann, Jakob"]
[Result "1/2-1/2"]
[Termination "normal"]
[Board "19"]
[WhiteElo "1403"]
[BlackElo "2084"]
[WhiteClock "00:27:24"]
[BlackClock "00:28:18"]
[PlyCount "84"]
[WhiteFideId "34617507"]
[BlackFideId "16287169"]
[EventCountry "GER"]
[EventRounds "9"]
[EventType "swiss"]
[EventDate "2023.05.27"]

1. e4 {[%clk 01:30:49]} {[%emt 00:00:10]} c5 {[%clk 01:30:39]} {[%emt
00:00:22]} 2. f4 {[%clk 01:31:10]} {[%emt 00:00:08]} Nc6 {[%clk 01:31:00]}
{[%emt 00:00:09]} 3. Nf3 {[%clk 01:31:29]} {[%emt 00:00:12]} d6 {[%clk
01:31:07]} {[%emt 00:00:22]} 4. Bc4 {[%clk 01:30:47]} {[%emt 00:01:12]} g6
{[%clk 01:30:20]} {[%emt 00:01:17]} 5. O-O {[%clk 01:30:38]} {[%emt 00:00:38]}
Bg7 {[%clk 01:30:43]} {[%emt 00:00:08]} 6. c3 {[%clk 01:30:43]} {[%emt
00:00:25]} e6 {[%clk 01:21:19]} {[%emt 00:09:54]} 7. Bb3 {[%clk 01:27:21]}
{[%emt 00:03:52]} Nge7 {[%clk 01:20:59]} {[%emt 00:00:50]} 8. d4 {[%clk
01:25:03]} {[%emt 00:02:48]} cxd4 {[%clk 01:21:06]} {[%emt 00:00:23]} 9. cxd4
{[%clk 01:25:04]} {[%emt 00:00:29]} d5 {[%clk 01:18:26]} {[%emt 00:03:10]} 10.
e5 {[%clk 01:22:37]} {[%emt 00:02:57]} O-O {[%clk 01:15:51]} {[%emt 00:03:06]}
11. Nc3 {[%clk 01:19:11]} {[%emt 00:03:55]} Bd7 {[%clk 01:06:43]} {[%emt
00:09:37]} 12. Be3 {[%clk 01:11:43]} {[%emt 00:07:58]} Rc8 {[%clk 01:05:57]}
{[%emt 00:01:16]} 13. Rc1 {[%clk 01:07:59]} {[%emt 00:04:15]} Na5 {[%clk
01:01:52]} {[%emt 00:04:35]} 14. Bf2 {[%clk 01:04:18]} {[%emt 00:04:11]} Qb6
{[%clk 00:58:44]} {[%emt 00:03:38]} 15. Ba4 {[%clk 00:56:42]} {[%emt 00:08:06]}
Bxa4 {[%clk 00:50:22]} {[%emt 00:08:52]} 16. Nxa4 {[%clk 00:56:41]} {[%emt
00:00:31]} Qb5 {[%clk 00:50:41]} {[%emt 00:00:11]} 17. b3 {[%clk 00:52:52]}
{[%emt 00:04:18]} b6 {[%clk 00:47:20]} {[%emt 00:03:51]} 18. Qd2 {[%clk
00:48:29]} {[%emt 00:04:53]} Qa6 {[%clk 00:37:30]} {[%emt 00:10:20]} 19. Rxc8
{[%clk 00:46:16]} {[%emt 00:02:44]} Rxc8 {[%clk 00:37:22]} {[%emt 00:00:37]}
20. Rc1 {[%clk 00:45:52]} {[%emt 00:00:54]} Rxc1+ {[%clk 00:32:36]} {[%emt
00:05:17]} 21. Qxc1 {[%clk 00:46:00]} {[%emt 00:00:21]} Nac6 {[%clk 00:32:54]}
{[%emt 00:00:13]} 22. Qf1 {[%clk 00:44:22]} {[%emt 00:02:07]} Qxf1+ {[%clk
00:30:18]} {[%emt 00:03:07]} 23. Kxf1 {[%clk 00:43:50]} {[%emt 00:01:02]} Kf8
{[%clk 00:30:18]} {[%emt 00:00:30]} 24. Ke2 {[%clk 00:42:53]} {[%emt 00:01:28]}
h6 {[%clk 00:30:22]} {[%emt 00:02:19]} 25. Kd2 {[%clk 00:37:41]} {[%emt
00:03:48]} Ke8 {[%clk 00:29:31]} {[%emt 00:01:21]} 26. Nc3 {[%clk 00:36:53]}
{[%emt 00:01:18]} Kd7 {[%clk 00:28:59]} {[%emt 00:01:01]} 27. h3 {[%clk
00:31:43]} {[%emt 00:05:40]} Bf8 {[%clk 00:29:02]} {[%emt 00:00:28]} 28. g4
{[%clk 00:29:46]} {[%emt 00:02:28]} a6 {[%clk 00:23:47]} {[%emt 00:05:44]} 29.
Bh4 {[%clk 00:25:40]} {[%emt 00:04:35]} Nc8 {[%clk 00:22:49]} {[%emt 00:01:29]}
30. f5 {[%clk 00:19:34]} {[%emt 00:06:36]} Bb4 {[%clk 00:14:01]} {[%emt
00:09:17]} 31. fxg6 {[%clk 00:17:44]} {[%emt 00:02:21]} fxg6 {[%clk 00:14:25]}
{[%emt 00:00:06]} 32. Kc2 {[%clk 00:16:55]} {[%emt 00:01:18]} Bxc3 {[%clk
00:14:33]} {[%emt 00:00:23]} 33. Kxc3 {[%clk 00:17:17]} {[%emt 00:00:08]} N8a7
{[%clk 00:13:06]} {[%emt 00:01:57]} 34. Be1 {[%clk 00:14:39]} {[%emt 00:03:08]}
Ke8 {[%clk 00:11:36]} {[%emt 00:02:00]} 35. a4 {[%clk 00:11:56]} {[%emt
00:03:13]} Kf7 {[%clk 00:10:33]} {[%emt 00:01:33]} 36. Bd2 {[%clk 00:10:58]}
{[%emt 00:01:28]} Kg7 {[%clk 00:10:20]} {[%emt 00:00:43]} 37. h4 {[%clk
00:09:35]} {[%emt 00:01:53]} b5 {[%clk 00:03:22]} {[%emt 00:07:29]} 38. Kd3
{[%clk 00:06:01]} {[%emt 00:04:04]} b4 {[%clk 00:02:14]} {[%emt 00:01:37]} 39.
Ne1 {[%clk 00:02:38]} {[%emt 00:03:53]} Nc8 {[%clk 00:02:18]} {[%emt 00:00:27]}
40. Nc2 {[%clk 00:01:19]} {[%emt 00:01:49]} a5 {[%clk 00:02:41]} {[%emt
00:00:06]} 41. Ne1 {[%clk 00:00:39]} {[%emt 00:01:09]} N8e7 {[%clk 00:01:27]}
{[%emt 00:01:44]} 42. Nf3 {[%clk 00:27:24]} {[%emt 00:03:46]} Kh7 {[%clk
00:28:18]} {[%emt 00:03:39]} 1/2-1/2

[Event "DEM U14 2023"]
[Site "Willingen GER"]
[Date "2023.06.01"]
[Round "7"]
[White "Uyar, Levin"]
[Black "Ahryzkov, Ivan"]
[Result "1/2-1/2"]
[Termination "normal"]
[Board "20"]
[WhiteElo "1700"]
[BlackElo "1494"]
[WhiteClock "00:12:30"]
[BlackClock "00:03:41"]
[PlyCount "138"]
[WhiteFideId "16282108"]
[BlackFideId "34123750"]
[EventCountry "GER"]
[EventRounds "9"]
[EventType "swiss"]
[EventDate "2023.05.27"]

1. e4 {[%clk 01:30:55]} {[%emt 00:00:04]} c5 {[%clk 01:30:56]} {[%emt
00:00:05]} 2. Nf3 {[%clk 01:31:19]} {[%emt 00:00:06]} a6 {[%clk 01:31:20]}
{[%emt 00:00:06]} 3. c4 {[%clk 01:31:20]} {[%emt 00:00:29]} e6 {[%clk
01:31:04]} {[%emt 00:00:46]} 4. Nc3 {[%clk 01:30:41]} {[%emt 00:01:09]} Nc6
{[%clk 01:31:03]} {[%emt 00:00:31]} 5. a3 {[%clk 01:25:58]} {[%emt 00:05:13]}
Nf6 {[%clk 01:30:27]} {[%emt 00:01:07]} 6. d4 {[%clk 01:17:04]} {[%emt
00:09:24]} d5 {[%clk 01:22:11]} {[%emt 00:08:45]} 7. exd5 {[%clk 01:00:08]}
{[%emt 00:17:27]} exd5 {[%clk 01:21:59]} {[%emt 00:00:41]} 8. Bg5 {[%clk
00:58:58]} {[%emt 00:01:40]} Be7 {[%clk 01:08:03]} {[%emt 00:14:26]} 9. dxc5
{[%clk 00:53:44]} {[%emt 00:05:44]} d4 {[%clk 01:01:54]} {[%emt 00:06:39]} 10.
Bxf6 {[%clk 00:50:21]} {[%emt 00:03:53]} Bxf6 {[%clk 01:02:08]} {[%emt
00:00:16]} 11. Nd5 {[%clk 00:49:37]} {[%emt 00:01:15]} O-O {[%clk 01:01:36]}
{[%emt 00:01:01]} 12. Be2 {[%clk 00:48:54]} {[%emt 00:01:13]} Be6 {[%clk
00:54:15]} {[%emt 00:07:50]} 13. Qb3 {[%clk 00:42:05]} {[%emt 00:07:20]} Re8
{[%clk 00:43:18]} {[%emt 00:11:27]} 14. O-O {[%clk 00:32:43]} {[%emt 00:09:52]}
Bxd5 {[%clk 00:40:41]} {[%emt 00:03:07]} 15. cxd5 {[%clk 00:33:08]} {[%emt
00:00:05]} Na5 {[%clk 00:40:50]} {[%emt 00:00:21]} 16. Qd3 {[%clk 00:30:17]}
{[%emt 00:03:09]} Qxd5 {[%clk 00:40:40]} {[%emt 00:00:51]} 17. b4 {[%clk
00:29:59]} {[%emt 00:00:49]} Nc6 {[%clk 00:40:14]} {[%emt 00:00:56]} 18. Rac1
{[%clk 00:21:29]} {[%emt 00:09:00]} a5 {[%clk 00:21:17]} {[%emt 00:19:27]} 19.
b5 {[%clk 00:19:37]} {[%emt 00:02:23]} Nd8 {[%clk 00:19:10]} {[%emt 00:02:36]}
20. Qc4 {[%clk 00:17:07]} {[%emt 00:02:59]} Qxc4 {[%clk 00:17:19]} {[%emt
00:02:22]} 21. Bxc4 {[%clk 00:17:19]} {[%emt 00:00:18]} Rc8 {[%clk 00:17:30]}
{[%emt 00:00:18]} 22. Rfd1 {[%clk 00:15:02]} {[%emt 00:02:47]} Kf8 {[%clk
00:11:23]} {[%emt 00:06:38]} 23. Bd5 {[%clk 00:13:19]} {[%emt 00:02:13]} Ne6
{[%clk 00:09:25]} {[%emt 00:02:28]} 24. Bxe6 {[%clk 00:09:23]} {[%emt
00:04:26]} Rxe6 {[%clk 00:08:57]} {[%emt 00:00:57]} 25. g3 {[%clk 00:09:25]}
{[%emt 00:00:28]} Re4 {[%clk 00:07:46]} {[%emt 00:01:41]} 26. Rc4 {[%clk
00:07:50]} {[%emt 00:02:06]} Ke8 {[%clk 00:07:01]} {[%emt 00:01:14]} 27. Kg2
{[%clk 00:06:53]} {[%emt 00:01:27]} Be7 {[%clk 00:05:22]} {[%emt 00:02:09]} 28.
Rdc1 {[%clk 00:05:06]} {[%emt 00:02:17]} Kd7 {[%clk 00:04:03]} {[%emt
00:01:49]} 29. Nxd4 {[%clk 00:03:05]} {[%emt 00:02:32]} Rxc5 {[%clk 00:03:51]}
{[%emt 00:00:43]} 30. Rxc5 {[%clk 00:03:16]} {[%emt 00:00:18]} Bxc5 {[%clk
00:04:16]} {[%emt 00:00:05]} 31. Rxc5 {[%clk 00:03:35]} {[%emt 00:00:11]} Rxd4
{[%clk 00:04:39]} {[%emt 00:00:07]} 32. b6 {[%clk 00:03:44]} {[%emt 00:00:20]}
Kd8 {[%clk 00:04:34]} {[%emt 00:00:34]} 33. Rxa5 {[%clk 00:04:03]} {[%emt
00:00:12]} Rd6 {[%clk 00:04:31]} {[%emt 00:00:33]} 34. Rb5 {[%clk 00:03:48]}
{[%emt 00:00:46]} Kd7 {[%clk 00:04:46]} {[%emt 00:00:14]} 35. a4 {[%clk
00:02:18]} {[%emt 00:02:01]} Kc6 {[%clk 00:05:04]} {[%emt 00:00:11]} 36. Kf3
{[%clk 00:01:58]} {[%emt 00:00:50]} Rd4 {[%clk 00:05:21]} {[%emt 00:00:13]} 37.
Ra5 {[%clk 00:01:39]} {[%emt 00:00:50]} Kxb6 {[%clk 00:05:38]} {[%emt
00:00:13]} 38. Ra8 {[%clk 00:02:04]} {[%emt 00:00:05]} Kc5 {[%clk 00:04:18]}
{[%emt 00:01:49]} 39. Ke3 {[%clk 00:01:17]} {[%emt 00:01:17]} Rd6 {[%clk
00:04:34]} {[%emt 00:00:14]} 40. Rc8+ {[%clk 00:01:15]} {[%emt 00:00:33]} Kb6
{[%clk 00:04:35]} {[%emt 00:00:28]} 41. Rg8 {[%clk 00:29:55]} {[%emt 00:01:51]}
Rg6 {[%clk 00:34:17]} {[%emt 00:00:48]} 42. f4 {[%clk 00:28:51]} {[%emt
00:01:34]} f5 {[%clk 00:29:24]} {[%emt 00:05:23]} 43. Kd4 {[%clk 00:28:09]}
{[%emt 00:01:11]} Ka5 {[%clk 00:22:35]} {[%emt 00:07:20]} 44. Rb8 {[%clk
00:26:30]} {[%emt 00:02:08]} Rb6 {[%clk 00:19:26]} {[%emt 00:03:37]} 45. Ra8+
{[%clk 00:26:07]} {[%emt 00:00:56]} Ra6 {[%clk 00:17:09]} {[%emt 00:02:46]} 46.
Rb8 {[%clk 00:25:53]} {[%emt 00:00:44]} Kb6 {[%clk 00:15:35]} {[%emt 00:02:04]}
47. Rg8 {[%clk 00:24:26]} {[%emt 00:01:49]} g6 {[%clk 00:15:47]} {[%emt
00:00:26]} 48. Rg7 {[%clk 00:24:40]} {[%emt 00:00:10]} Rxa4+ {[%clk 00:15:14]}
{[%emt 00:01:09]} 49. Ke5 {[%clk 00:23:47]} {[%emt 00:01:17]} Rc4 {[%clk
00:13:32]} {[%emt 00:02:19]} 50. Rxh7 {[%clk 00:23:39]} {[%emt 00:00:38]} Rc6
{[%clk 00:13:10]} {[%emt 00:00:51]} 51. h3 {[%clk 00:18:45]} {[%emt 00:05:23]}
Ka6 {[%clk 00:09:57]} {[%emt 00:03:45]} 52. g4 {[%clk 00:17:34]} {[%emt
00:01:40]} b5 {[%clk 00:08:40]} {[%emt 00:01:47]} 53. gxf5 {[%clk 00:16:03]}
{[%emt 00:02:01]} Rc5+ {[%clk 00:09:03]} {[%emt 00:00:07]} 54. Ke4 {[%clk
00:13:56]} {[%emt 00:02:36]} gxf5+ {[%clk 00:07:01]} {[%emt 00:02:33]} 55. Kd4
{[%clk 00:14:14]} {[%emt 00:00:11]} Rc4+ {[%clk 00:07:27]} {[%emt 00:00:05]}
56. Ke5 {[%clk 00:14:38]} {[%emt 00:00:07]} b4 {[%clk 00:07:47]} {[%emt
00:00:10]} 57. Rg7 {[%clk 00:13:48]} {[%emt 00:01:20]} Rc1 {[%clk 00:03:24]}
{[%emt 00:04:53]} 58. Rg3 {[%clk 00:12:13]} {[%emt 00:02:03]} Kb5 {[%clk
00:03:36]} {[%emt 00:00:19]} 59. Kxf5 {[%clk 00:12:20]} {[%emt 00:00:24]} Rc3
{[%clk 00:03:32]} {[%emt 00:00:33]} 60. Rg1 {[%clk 00:12:24]} {[%emt 00:00:26]}
Rxh3 {[%clk 00:03:21]} {[%emt 00:00:41]} 61. Kg6 {[%clk 00:09:46]} {[%emt
00:03:08]} b3 {[%clk 00:02:02]} {[%emt 00:01:49]} 62. f5 {[%clk 00:10:03]}
{[%emt 00:00:13]} Ka4 {[%clk 00:01:49]} {[%emt 00:00:43]} 63. f6 {[%clk
00:10:11]} {[%emt 00:00:22]} Rf3 {[%clk 00:01:34]} {[%emt 00:00:45]} 64. f7
{[%clk 00:10:28]} {[%emt 00:00:13]} b2 {[%clk 00:01:59]} {[%emt 00:00:05]} 65.
Kg7 {[%clk 00:10:52]} {[%emt 00:00:06]} Ka3 {[%clk 00:02:09]} {[%emt 00:00:20]}
66. f8=Q+ {[%clk 00:11:07]} {[%emt 00:00:15]} Rxf8 {[%clk 00:02:32]} {[%emt
00:00:07]} 67. Kxf8 {[%clk 00:11:34]} {[%emt 00:00:02]} Ka2 {[%clk 00:02:55]}
{[%emt 00:00:08]} 68. Ke7 {[%clk 00:12:01]} {[%emt 00:00:03]} b1=Q {[%clk
00:03:19]} {[%emt 00:00:06]} 69. Rxb1 {[%clk 00:12:30]} Kxb1 {[%clk 00:03:41]}
{[%emt 00:00:08]} 1/2-1/2

[Event "DEM U14 2023"]
[Site "Willingen GER"]
[Date "2023.06.01"]
[Round "7"]
[White "Zomartova, Ilya"]
[Black "Lu, Yunong Elias"]
[Result "1-0"]
[Termination "normal"]
[Board "21"]
[WhiteElo "1672"]
[BlackElo "1823"]
[WhiteClock "00:32:47"]
[BlackClock "00:16:21"]
[PlyCount "119"]
[WhiteFideId "13630946"]
[BlackFideId "16276426"]
[EventCountry "GER"]
[EventRounds "9"]
[EventType "swiss"]
[EventDate "2023.05.27"]

1. d4 {[%clk 01:30:58]} {[%emt 00:00:01]} d5 {[%clk 01:30:31]} {[%emt
00:00:30]} 2. c4 {[%clk 01:31:24]} {[%emt 00:00:04]} c6 {[%clk 01:30:52]}
{[%emt 00:00:09]} 3. Nc3 {[%clk 01:31:46]} {[%emt 00:00:08]} Nf6 {[%clk
01:31:16]} {[%emt 00:00:06]} 4. Nf3 {[%clk 01:32:08]} {[%emt 00:00:07]} e6
{[%clk 01:31:25]} {[%emt 00:00:21]} 5. Bg5 {[%clk 01:32:28]} {[%emt 00:00:10]}
Be7 {[%clk 01:31:49]} {[%emt 00:00:06]} 6. e3 {[%clk 01:32:51]} {[%emt
00:00:07]} Nbd7 {[%clk 01:32:14]} {[%emt 00:00:05]} 7. Qc2 {[%clk 01:33:15]}
{[%emt 00:00:07]} O-O {[%clk 01:32:38]} {[%emt 00:00:06]} 8. cxd5 {[%clk
01:33:26]} {[%emt 00:00:19]} exd5 {[%clk 01:33:02]} {[%emt 00:00:05]} 9. Bd3
{[%clk 01:33:31]} {[%emt 00:00:25]} h6 {[%clk 01:33:28]} {[%emt 00:00:05]} 10.
Bh4 {[%clk 01:33:05]} {[%emt 00:00:56]} Re8 {[%clk 01:33:48]} {[%emt 00:00:10]}
11. O-O {[%clk 01:33:27]} {[%emt 00:00:08]} Ne4 {[%clk 01:33:40]} {[%emt
00:00:38]} 12. Bxe7 {[%clk 01:33:11]} {[%emt 00:00:46]} Qxe7 {[%clk 01:34:04]}
{[%emt 00:00:06]} 13. Nd2 {[%clk 01:33:16]} {[%emt 00:00:25]} Ndf6 {[%clk
01:33:56]} {[%emt 00:00:37]} 14. Rae1 {[%clk 01:32:59]} {[%emt 00:00:47]} Nd6
{[%clk 01:33:00]} {[%emt 00:01:27]} 15. f3 {[%clk 01:32:01]} {[%emt 00:01:27]}
Qd8 {[%clk 01:24:49]} {[%emt 00:08:41]} 16. Kh1 {[%clk 01:26:38]} {[%emt
00:05:53]} Nh5 {[%clk 01:21:16]} {[%emt 00:04:02]} 17. Nb3 {[%clk 01:24:22]}
{[%emt 00:02:47]} Nc4 {[%clk 01:19:04]} {[%emt 00:02:43]} 18. Bxc4 {[%clk
01:24:06]} {[%emt 00:00:45]} dxc4 {[%clk 01:14:37]} {[%emt 00:04:56]} 19. Nd2
{[%clk 01:24:23]} {[%emt 00:00:13]} b5 {[%clk 01:13:33]} {[%emt 00:01:34]} 20.
f4 {[%clk 01:20:39]} {[%emt 00:04:15]} Ba6 {[%clk 01:00:35]} {[%emt 00:13:29]}
21. Nce4 {[%clk 01:18:44]} {[%emt 00:02:25]} Qb6 {[%clk 00:49:03]} {[%emt
00:12:02]} 22. Nc5 {[%clk 01:18:32]} {[%emt 00:00:41]} Nf6 {[%clk 00:44:02]}
{[%emt 00:05:30]} 23. Nf3 {[%clk 01:14:18]} {[%emt 00:04:45]} b4 {[%clk
00:40:32]} {[%emt 00:04:00]} 24. Ne5 {[%clk 01:11:32]} {[%emt 00:03:16]} b3
{[%clk 00:36:24]} {[%emt 00:04:38]} 25. Qb1 {[%clk 01:09:21]} {[%emt 00:02:41]}
Re7 {[%clk 00:26:40]} {[%emt 00:10:14]} 26. g4 {[%clk 01:04:13]} {[%emt
00:05:38]} Nd5 {[%clk 00:21:16]} {[%emt 00:05:54]} 27. g5 {[%clk 01:03:31]}
{[%emt 00:01:12]} h5 {[%clk 00:19:11]} {[%emt 00:02:35]} 28. axb3 {[%clk
01:01:17]} {[%emt 00:02:44]} cxb3 {[%clk 00:19:06]} {[%emt 00:00:35]} 29. Nxa6
{[%clk 01:00:45]} {[%emt 00:01:02]} Qxa6 {[%clk 00:19:21]} {[%emt 00:00:14]}
30. Qd1 {[%clk 01:01:05]} {[%emt 00:00:10]} g6 {[%clk 00:07:13]} {[%emt
00:12:38]} 31. e4 {[%clk 00:59:35]} {[%emt 00:02:00]} Nc7 {[%clk 00:04:51]}
{[%emt 00:02:52]} 32. Qxb3 {[%clk 00:59:34]} {[%emt 00:00:30]} Ne6 {[%clk
00:04:47]} {[%emt 00:00:35]} 33. Qc3 {[%clk 00:59:27]} {[%emt 00:00:36]} Rc8
{[%clk 00:03:29]} {[%emt 00:01:50]} 34. Rf2 {[%clk 00:56:00]} {[%emt 00:03:57]}
Qb6 {[%clk 00:02:30]} {[%emt 00:01:29]} 35. Rd1 {[%clk 00:55:08]} {[%emt
00:01:21]} Ng7 {[%clk 00:02:05]} {[%emt 00:00:56]} 36. Rf3 {[%clk 00:47:41]}
{[%emt 00:07:57]} Rb7 {[%clk 00:01:37]} {[%emt 00:00:58]} 37. b3 {[%clk
00:41:53]} {[%emt 00:06:18]} Rbc7 {[%clk 00:01:03]} {[%emt 00:01:04]} 38. Qc4
{[%clk 00:36:31]} {[%emt 00:05:52]} c5 {[%clk 00:01:07]} {[%emt 00:00:26]} 39.
d5 {[%clk 00:36:50]} {[%emt 00:00:11]} Qd6 {[%clk 00:01:20]} {[%emt 00:00:16]}
40. Ra1 {[%clk 00:34:50]} {[%emt 00:02:30]} Rb8 {[%clk 00:00:31]} {[%emt
00:01:11]} 41. Nc6 {[%clk 00:33:30]} {[%emt 00:01:58]} Rxc6 {[%clk 00:29:30]}
{[%emt 00:01:32]} 42. dxc6 {[%clk 01:01:27]} {[%emt 00:02:32]} Qxc6 {[%clk
00:29:30]} {[%emt 00:00:30]} 43. Rxa7 {[%clk 01:00:24]} {[%emt 00:01:33]} Qe8
{[%clk 00:29:17]} {[%emt 00:00:43]} 44. e5 {[%clk 00:49:44]} {[%emt 00:11:09]}
Ne6 {[%clk 00:27:03]} {[%emt 00:02:46]} 45. Qd5 {[%clk 00:44:03]} {[%emt
00:06:11]} Rd8 {[%clk 00:22:10]} {[%emt 00:05:23]} 46. Qb7 {[%clk 00:43:44]}
{[%emt 00:00:45]} Rb8 {[%clk 00:19:16]} {[%emt 00:03:27]} 47. Qe7 {[%clk
00:43:21]} {[%emt 00:00:49]} Qxe7 {[%clk 00:19:31]} {[%emt 00:00:18]} 48. Rxe7
{[%clk 00:43:09]} {[%emt 00:00:09]} Rb4 {[%clk 00:18:04]} {[%emt 00:02:31]} 49.
h4 {[%clk 00:38:05]} {[%emt 00:05:35]} Rxf4 {[%clk 00:16:23]} {[%emt 00:02:11]}
50. Rxf4 {[%clk 00:38:12]} {[%emt 00:00:23]} Nxf4 {[%clk 00:16:48]} {[%emt
00:00:05]} 51. Kh2 {[%clk 00:37:24]} {[%emt 00:01:17]} Kf8 {[%clk 00:16:24]}
{[%emt 00:00:54]} 52. Rb7 {[%clk 00:36:42]} {[%emt 00:01:12]} Nd3 {[%clk
00:16:15]} {[%emt 00:00:39]} 53. Rc7 {[%clk 00:36:30]} {[%emt 00:00:42]} Nc1
{[%clk 00:16:33]} {[%emt 00:00:11]} 54. b4 {[%clk 00:35:51]} {[%emt 00:01:11]}
Nd3 {[%clk 00:16:11]} {[%emt 00:00:51]} 55. bxc5 {[%clk 00:34:02]} {[%emt
00:02:19]} Nxe5 {[%clk 00:16:36]} {[%emt 00:00:05]} 56. Kg3 {[%clk 00:34:08]}
{[%emt 00:00:24]} Ke8 {[%clk 00:15:46]} {[%emt 00:01:20]} 57. Kf4 {[%clk
00:34:09]} {[%emt 00:00:28]} Nc4 {[%clk 00:15:38]} {[%emt 00:00:39]} 58. Ke4
{[%clk 00:33:27]} {[%emt 00:01:11]} Nd2+ {[%clk 00:15:59]} {[%emt 00:00:10]}
59. Kd5 {[%clk 00:32:43]} {[%emt 00:01:14]} Nf3 {[%clk 00:16:21]} {[%emt
00:00:08]} 60. Kd6 {[%clk 00:32:47]} {[%emt 00:00:25]} 1-0

[Event "DEM U14 2023"]
[Site "Willingen GER"]
[Date "2023.06.01"]
[Round "7"]
[White "Petrow, Andre"]
[Black "Melestean, Maxim"]
[Result "1-0"]
[Termination "normal"]
[Board "22"]
[WhiteElo "1540"]
[BlackElo "1450"]
[WhiteClock "00:26:34"]
[BlackClock "00:32:17"]
[PlyCount "85"]
[WhiteFideId "34612815"]
[BlackFideId "16280393"]
[EventCountry "GER"]
[EventRounds "9"]
[EventType "swiss"]
[EventDate "2023.05.27"]

1. e4 {[%clk 01:30:59]} c6 {[%clk 01:30:57]} {[%emt 00:00:05]} 2. c4 {[%clk
01:31:23]} {[%emt 00:00:06]} d5 {[%clk 01:31:23]} {[%emt 00:00:03]} 3. cxd5
{[%clk 01:31:49]} {[%emt 00:00:03]} cxd5 {[%clk 01:31:48]} {[%emt 00:00:06]} 4.
exd5 {[%clk 01:32:15]} {[%emt 00:00:04]} Nf6 {[%clk 01:32:13]} {[%emt
00:00:05]} 5. Nc3 {[%clk 01:32:36]} {[%emt 00:00:09]} Nxd5 {[%clk 01:32:37]}
{[%emt 00:00:07]} 6. d4 {[%clk 01:32:56]} {[%emt 00:00:08]} e6 {[%clk
01:32:21]} {[%emt 00:00:47]} 7. Nf3 {[%clk 01:32:48]} {[%emt 00:00:38]} Be7
{[%clk 01:29:05]} {[%emt 00:03:46]} 8. Bd3 {[%clk 01:31:08]} {[%emt 00:02:10]}
O-O {[%clk 01:27:17]} {[%emt 00:02:17]} 9. a3 {[%clk 01:29:33]} {[%emt
00:02:06]} Nd7 {[%clk 01:26:38]} {[%emt 00:01:10]} 10. O-O {[%clk 01:27:03]}
{[%emt 00:02:59]} b6 {[%clk 01:26:56]} {[%emt 00:00:12]} 11. Nxd5 {[%clk
01:26:13]} {[%emt 00:01:19]} exd5 {[%clk 01:27:24]} {[%emt 00:00:03]} 12. Bc2
{[%clk 01:25:31]} {[%emt 00:01:12]} Bf6 {[%clk 01:19:22]} {[%emt 00:08:33]} 13.
Qd3 {[%clk 01:22:27]} {[%emt 00:03:33]} g6 {[%clk 01:19:43]} {[%emt 00:00:09]}
14. Bh6 {[%clk 01:22:45]} {[%emt 00:00:11]} Re8 {[%clk 01:19:52]} {[%emt
00:00:22]} 15. Rfe1 {[%clk 01:22:02]} {[%emt 00:01:13]} Nf8 {[%clk 01:20:14]}
{[%emt 00:00:08]} 16. Ne5 {[%clk 01:11:51]} {[%emt 00:10:41]} Bf5 {[%clk
01:14:32]} {[%emt 00:06:11]} 17. Qd2 {[%clk 01:10:59]} {[%emt 00:01:23]} Bxc2
{[%clk 01:14:55]} {[%emt 00:00:07]} 18. Qxc2 {[%clk 01:11:10]} {[%emt
00:00:19]} Ne6 {[%clk 01:15:07]} {[%emt 00:00:19]} 19. Be3 {[%clk 01:10:28]}
{[%emt 00:01:11]} Qd6 {[%clk 01:12:02]} {[%emt 00:03:35]} 20. Nf3 {[%clk
01:05:44]} {[%emt 00:05:14]} Rec8 {[%clk 01:11:51]} {[%emt 00:00:41]} 21. Qd2
{[%clk 01:04:12]} {[%emt 00:02:02]} Rc4 {[%clk 01:10:30]} {[%emt 00:01:52]} 22.
b3 {[%clk 00:58:43]} {[%emt 00:05:58]} Rc7 {[%clk 01:10:58]} {[%emt 00:00:02]}
23. b4 {[%clk 00:51:07]} {[%emt 00:08:07]} Rac8 {[%clk 01:09:52]} {[%emt
00:01:35]} 24. Rac1 {[%clk 00:43:27]} {[%emt 00:08:10]} Rc4 {[%clk 01:00:38]}
{[%emt 00:09:45]} 25. g3 {[%clk 00:36:53]} {[%emt 00:07:02]} Qc7 {[%clk
00:59:16]} {[%emt 00:01:54]} 26. Qd3 {[%clk 00:32:53]} {[%emt 00:04:28]} Bxd4
{[%clk 00:38:50]} {[%emt 00:20:57]} 27. Nxd4 {[%clk 00:28:47]} {[%emt
00:04:35]} Nxd4 {[%clk 00:39:19]} {[%emt 00:00:01]} 28. Qxd4 {[%clk 00:28:58]}
{[%emt 00:00:19]} Rxd4 {[%clk 00:36:59]} {[%emt 00:02:50]} 29. Rxc7 {[%clk
00:29:11]} {[%emt 00:00:17]} Rc4 {[%clk 00:37:11]} {[%emt 00:00:17]} 30. Rxc8+
{[%clk 00:29:37]} {[%emt 00:00:05]} Rxc8 {[%clk 00:37:40]} {[%emt 00:00:01]}
31. Bd4 {[%clk 00:29:39]} {[%emt 00:00:28]} Kf8 {[%clk 00:38:04]} {[%emt
00:00:06]} 32. Kg2 {[%clk 00:29:44]} {[%emt 00:00:25]} Rc4 {[%clk 00:38:28]}
{[%emt 00:00:07]} 33. Rd1 {[%clk 00:29:59]} {[%emt 00:00:14]} Ke7 {[%clk
00:38:34]} {[%emt 00:00:24]} 34. Kf3 {[%clk 00:29:52]} {[%emt 00:00:37]} Kd6
{[%clk 00:36:53]} {[%emt 00:02:11]} 35. Rd3 {[%clk 00:29:33]} {[%emt 00:00:49]}
Kc6 {[%clk 00:36:25]} {[%emt 00:00:58]} 36. Ke3 {[%clk 00:28:47]} {[%emt
00:01:15]} h6 {[%clk 00:33:39]} {[%emt 00:03:17]} 37. f4 {[%clk 00:27:09]}
{[%emt 00:02:07]} h5 {[%clk 00:33:30]} {[%emt 00:00:39]} 38. f5 {[%clk
00:26:39]} {[%emt 00:01:01]} Kd6 {[%clk 00:32:07]} {[%emt 00:01:53]} 39. Kf4
{[%clk 00:26:10]} {[%emt 00:00:58]} Rc2 {[%clk 00:31:28]} {[%emt 00:01:09]} 40.
h4 {[%clk 00:26:25]} {[%emt 00:00:15]} Re2 {[%clk 00:31:39]} {[%emt 00:00:19]}
41. fxg6 {[%clk 00:26:19]} {[%emt 00:00:36]} fxg6 {[%clk 00:31:58]} {[%emt
00:00:12]} 42. Kg5 {[%clk 00:26:27]} {[%emt 00:00:22]} Re6 {[%clk 00:32:17]}
{[%emt 00:00:11]} 43. Bf6 {[%clk 00:26:34]} {[%emt 00:00:23]} 1-0